[Event "5. HSK Weihnachts-Open 2019"]
[Site "Hamburg"]
[Date "2019.12.29"]
[Round "5.29"]
[White "Falke, Ornella"]
[Black "Hermes, Simon"]
[Result "0-1"]
[WhiteElo "1486"]
[BlackElo "1673"]
[PlyCount "61"]
[EventDate "2019.12.27"]

1. e4 e6 2. d4 d5 3. Nd2 Nf6 4. e5 Nfd7 5. Bd3 c5 6. c3 Nc6 7. Ne2 cxd4 8. cxd4
f6 9. f4 fxe5 10. fxe5 Nxd4 11. Nf4 Nxe5 12. Qh5+ Nf7 13. Bxh7 Qg5 14. Qxg5
Nxg5 15. Bg6+ Kd7 16. h4 Bc5 17. Nf1 b6 18. Ng3 Nh7 19. Ngh5 Nf6 20. Kd2 Ba6
21. b3 Rac8 22. Nxf6+ gxf6 23. Nd3 Bd6 24. Bb2 Rc2+ 25. Ke3 Nf5+ 26. Bxf5 exf5
27. Bxf6 Re8+ 28. Kf3 Bxd3 29. h5 Be4+ 30. Ke3 f4+ 31. Kd4 0-1

[Event "5. HSK Weihnachts-Open 2019"]
[Site "Hamburg"]
[Date "2019.12.29"]
[Round "5.30"]
[White "Raedisch, Peter"]
[Black "Krüger, Dietrich"]
[Result "1-0"]
[WhiteElo "1572"]
[BlackElo "1204"]
[PlyCount "47"]
[EventDate "2019.12.27"]

1. e4 Nc6 2. Nf3 h6 3. Bc4 e5 4. c3 Bc5 5. a3 Nge7 6. b4 Bb6 7. b5 Na5 8. Nxe5
d5 9. exd5 f6 10. Qh5+ g6 11. Nxg6 Nxg6 12. Qxg6+ Kf8 13. Ba2 Qe7+ 14. Kf1 Qc5
15. Qxf6+ Ke8 16. Qxh8+ Kd7 17. d4 Qe7 18. Be3 c5 19. Nd2 cxd4 20. Bxd4 Bxd4
21. Qxd4 Qxa3 22. Qb4 Qxb4 23. cxb4 b6 24. bxa5 1-0

[Event "5. HSK Weihnachts-Open 2019"]
[Site "Hamburg"]
[Date "2019.12.29"]
[Round "5.32"]
[White "Grunert, Heinrich"]
[Black "Mi, Gufeng"]
[Result "0-1"]
[WhiteElo "1239"]
[BlackElo "1541"]
[PlyCount "116"]
[EventDate "2019.12.27"]

1. e4 g6 2. d4 Bg7 3. Nf3 d6 4. Bc4 e6 5. O-O Ne7 6. Nc3 a6 7. a4 h6 8. e5 d5
9. Bd3 b6 10. b3 Nbc6 11. Ba3 Nf5 12. Bxf5 exf5 13. Re1 Be6 14. Qd2 g5 15. Qd3
g4 16. Nd2 h5 17. b4 Ne7 18. b5 a5 19. Bxe7 Qxe7 20. Na2 O-O-O 21. Qc3 h4 22.
Qc6 Kb8 23. Re3 Bh6 24. Rd3 Bxd2 25. Rxd2 Qg5 26. Rd3 f4 27. Rc3 Rc8 28. Kf1 f3
29. Kg1 fxg2 30. Kxg2 h3+ 31. Kg1 Qd2 32. Rd3 Qf4 33. Nc3 Rcd8 34. Re1 Rh5 35.
Rf1 Rf5 36. f3 gxf3 37. Rdxf3 Qxd4+ 38. Kh1 Rxf3 39. Rxf3 Qxe5 40. Rf1 d4 41.
Ne4 Bd5 42. Qf6 Qxe4+ 43. Qf3 Qxf3+ 44. Rxf3 Bxf3+ 45. Kg1 Bd1 46. Kf1 Bxc2 47.
Ke2 Bxa4 48. Kd3 Bxb5+ 49. Kd2 Rg8 50. Ke1 Rg2 51. Kd1 Rxh2 52. Ke1 a4 53. Kd1
a3 54. Kc1 d3 55. Kb1 a2+ 56. Ka1 d2 57. Kxa2 d1=Q+ 58. Ka3 Qa4# 0-1

[Event "5. HSK Weihnachts-Open 2019"]
[Site "Hamburg"]
[Date "2019.12.29"]
[Round "5.34"]
[White "Fuhrmann, Jeppe"]
[Black "Mago, Helmut"]
[Result "1-0"]
[WhiteElo "1327"]
[BlackElo "1247"]
[PlyCount "61"]
[EventDate "2019.12.27"]

1. e4 c5 2. Nf3 g6 3. d4 cxd4 4. Nxd4 Bg7 5. Be2 Nc6 6. Be3 Nf6 7. Nc3 d5 8.
Bb5 Nxe4 9. Nxe4 Qb6 10. Bxc6+ bxc6 11. Ng3 Qxb2 12. Rb1 Qc3+ 13. Qd2 Qxd2+ 14.
Kxd2 O-O 15. Nxc6 Re8 16. Bc5 Bf6 17. Rhd1 Ba6 18. Nb4 Bc4 19. Ne2 a5 20. Nd3
e5 21. Ke1 e4 22. Ndf4 Rad8 23. Bd4 Bg5 24. a4 Rb8 25. Be3 Red8 26. Rxb8 Rxb8
27. Nxd5 Bxd5 28. Rxd5 Rb1+ 29. Kd2 Bxe3+ 30. Kxe3 Rb4 31. Rxa5 1-0

[Event "5. HSK Weihnachts-Open 2019"]
[Site "Hamburg"]
[Date "2019.12.29"]
[Round "5.35"]
[White "Meyer, Harald"]
[Black "Englert, Barbara"]
[Result "1-0"]
[WhiteElo "1298"]
[BlackElo "1240"]
[PlyCount "47"]
[EventDate "2019.12.27"]

1. e4 c5 2. Nf3 d6 3. d4 cxd4 4. Nxd4 Nf6 5. f3 e5 6. Nb3 Be7 7. Be2 O-O 8. O-O
h6 9. Be3 Be6 10. c4 Nbd7 11. Nc3 b6 12. Qc2 Nh7 13. f4 g6 14. fxe5 Bg5 15.
Bxg5 Nxg5 16. exd6 Nf6 17. e5 Bg4 18. exf6 Bxe2 19. Qxe2 Re8 20. Qd3 Qd7 21.
Rae1 Rxe1 22. Rxe1 Qg4 23. d7 Nh3+ 24. Qxh3 1-0

[Event "5. HSK Weihnachts-Open 2019"]
[Site "Hamburg"]
[Date "2019.12.29"]
[Round "6.1"]
[White "Ertan, Can"]
[Black "Pfreundt, Jakob"]
[Result "1-0"]
[WhiteElo "2373"]
[BlackElo "2409"]
[PlyCount "91"]
[EventDate "2019.12.27"]

1. e4 c5 2. Nf3 d6 3. d4 cxd4 4. Nxd4 Nf6 5. Nc3 Nc6 6. Bg5 e6 7. Qd2 a6 8.
O-O-O Be7 9. f4 Bd7 10. f5 Nxd4 11. Qxd4 Qa5 12. Bc4 O-O 13. Rhe1 Rad8 14. e5
dxe5 15. Qxe5 Qxe5 16. Rxe5 Bb4 17. Ne4 Ng4 18. fxe6 Nxe5 19. exf7+ Kh8 20.
Bxd8 Rxd8 21. Be6 Nxf7 22. Rxd7 Rxd7 23. Bxd7 b6 24. Be6 Ne5 25. a3 Be7 26. Kd2
g5 27. Ke3 Kg7 28. Kd4 Nc6+ 29. Kd5 Nd8 30. Bf5 a5 31. c3 h5 32. Bd7 Nb7 33. b4
axb4 34. axb4 Nd8 35. Nd6 Nf7 36. Nf5+ Kf6 37. Ng3 h4 38. Ne4+ Kg7 39. Ke6 Kf8
40. Kd5 Kg7 41. Be8 Nd8 42. h3 Kf8 43. Bh5 Kg7 44. Ke5 Kh6 45. Be8 Bf8 46. Kf6
1-0

[Event "5. HSK Weihnachts-Open 2019"]
[Site "Hamburg"]
[Date "2019.12.29"]
[Round "6.2"]
[White "Thieme, Daniel Otis"]
[Black "Feuerstack, Aljoscha"]
[Result "0-1"]
[WhiteElo "1983"]
[BlackElo "2446"]
[PlyCount "60"]
[EventDate "2019.12.27"]

1. c4 c6 2. Nf3 d5 3. d4 Nf6 4. Nc3 dxc4 5. a4 Bf5 6. e3 e6 7. Bxc4 Bb4 8. O-O
Nbd7 9. Qe2 Bg6 10. Rd1 O-O 11. Ne5 Nxe5 12. dxe5 Nd7 13. f4 Qe7 14. Na2 a5 15.
Nxb4 axb4 16. Bd2 Rfd8 17. Be1 Nb6 18. a5 Rxd1 19. Rxd1 Bh5 20. Qxh5 Nxc4 21.
Rd4 Nxe3 22. Bxb4 c5 23. Ba3 Rxa5 24. Rd3 Nd5 25. f5 Nf4 26. f6 Qf8 27. fxg7
Qe7 28. Qd1 Nxd3 29. Qxd3 b5 30. b4 c4 0-1

[Event "5. HSK Weihnachts-Open 2019"]
[Site "Hamburg"]
[Date "2019.12.29"]
[Round "6.3"]
[White "Hochgräfe, Markus"]
[Black "Trisic, Aleksandar"]
[Result "0-1"]
[WhiteElo "2415"]
[BlackElo "2328"]
[PlyCount "78"]
[EventDate "2019.12.27"]

1. Nf3 Nf6 2. c4 g6 3. Nc3 Bg7 4. e4 d6 5. d4 O-O 6. Be2 Nbd7 7. O-O e5 8. Qc2
c6 9. Rd1 Re8 10. Rb1 a5 11. b3 Qc7 12. a3 exd4 13. Nxd4 Nc5 14. f3 Nh5 15. g4
Bxd4+ 16. Rxd4 Ne6 17. Rd1 Qb6+ 18. Kh1 Nhf4 19. Bf1 h5 20. gxh5 Nxh5 21. Rxd6
Qc5 22. Qd2 Nhf4 23. Bb2 Qh5 24. Qe3 Qh4 25. Rbd1 Ng5 26. Ne2 Nh5 27. Qc3 Kh7
28. Bg2 Bh3 29. R6d3 Qf2 30. Bxh3 Nxh3 31. Ng3 Rg8 32. Rd7 Raf8 33. R7d2 Qc5
34. Qd4 Qg5 35. Ne2 Rd8 36. f4 N5xf4 37. Nxf4 Rxd4 38. Nxh3 Qxd2 39. Rxd2 Rxd2
0-1

[Event "5. HSK Weihnachts-Open 2019"]
[Site "Hamburg"]
[Date "2019.12.29"]
[Round "6.4"]
[White "Krause, Benedict"]
[Black "Ritscher, Jan-Paul"]
[Result "1-0"]
[WhiteElo "2423"]
[BlackElo "2253"]
[PlyCount "41"]
[EventDate "2019.12.27"]

1. e4 Nf6 2. e5 Nd5 3. d4 d6 4. c4 Nb6 5. f4 g6 6. Nc3 dxe5 7. fxe5 Bg7 8. Be2
c5 9. d5 Bxe5 10. Bh6 e6 11. Nf3 exd5 12. O-O Bxc3 13. bxc3 Be6 14. Ng5 dxc4
15. Qxd8+ Kxd8 16. Nxf7+ Bxf7 17. Rxf7 N8d7 18. Rd1 Kc7 19. Bf4+ Kc6 20. a4 Nb8
21. Rc7# 1-0

[Event "5. HSK Weihnachts-Open 2019"]
[Site "Hamburg"]
[Date "2019.12.29"]
[Round "6.5"]
[White "Jahncke, Giso"]
[Black "Szobries, Torsten"]
[Result "1-0"]
[WhiteElo "2320"]
[BlackElo "2034"]
[PlyCount "75"]
[EventDate "2019.12.27"]

1. d4 e6 2. Nf3 Nf6 3. g3 c5 4. Bg2 a6 5. O-O cxd4 6. Nxd4 Be7 7. e4 d6 8. c4
Qc7 9. b3 O-O 10. Bb2 Bd7 11. Nc3 Nc6 12. Rc1 Nxd4 13. Qxd4 Rac8 14. Kh1 Qb8
15. f4 Rfd8 16. e5 Ne8 17. Ne4 Bc6 18. Qf2 Bf8 19. c5 Bxe4 20. Bxe4 Rxc5 21.
Rxc5 dxc5 22. f5 Qc8 23. fxe6 Qxe6 24. Bxb7 Nc7 25. Bc3 Nb5 26. Ba5 Rd7 27. Qf3
Qxe5 28. Bxa6 Nd4 29. Qa8 Ne6 30. Bc4 Rd4 31. Bc3 Qe4+ 32. Qxe4 Rxe4 33. a4 Bd6
34. a5 Bb8 35. Rf5 Ba7 36. Rd5 Nf8 37. Rd8 Re7 38. Ra8 1-0

[Event "5. HSK Weihnachts-Open 2019"]
[Site "Hamburg"]
[Date "2019.12.29"]
[Round "6.6"]
[White "Wanner, Lukas"]
[Black "Kuberczyk, Christoph"]
[Result "0-1"]
[WhiteElo "2099"]
[BlackElo "2310"]
[PlyCount "44"]
[EventDate "2019.12.27"]

1. c4 e6 2. g3 Nf6 3. Nf3 d5 4. Bg2 dxc4 5. Na3 Bxa3 6. bxa3 Nc6 7. Qc2 e5 8.
Qxc4 O-O 9. O-O Be6 10. Qc2 e4 11. Ng5 Nd4 12. Qd1 Bg4 13. Qa4 Bxe2 14. Re1 Bb5
15. Qd1 Bd3 16. Nxe4 Nc2 17. Bb2 Nxe4 18. Rxe4 Bxe4 19. Bxe4 Nxa1 20. Qh5 h6
21. Qf5 g6 22. Qe5 f6 0-1

[Event "5. HSK Weihnachts-Open 2019"]
[Site "Hamburg"]
[Date "2019.12.29"]
[Round "6.7"]
[White "Hourigan, Gerrit"]
[Black "Porth, Hartmut"]
[Result "1/2-1/2"]
[WhiteElo "2301"]
[BlackElo "2007"]
[PlyCount "69"]
[EventDate "2019.12.27"]

1. e4 Nc6 2. Nc3 e6 3. d4 d5 4. Nf3 Nf6 5. Bg5 Be7 6. e5 Ne4 7. Bxe7 Qxe7 8. a3
Nxc3 9. bxc3 Na5 10. Bd3 Bd7 11. Qd2 Rc8 12. h4 c5 13. Rh3 cxd4 14. cxd4 Nc4
15. Qc1 Rc6 16. Rg3 f5 17. exf6 Qxf6 18. Rb1 b6 19. Rb4 O-O 20. Bxc4 Rxc4 21.
Rxc4 dxc4 22. Qg5 Qxg5 23. hxg5 Bc6 24. Ne5 Bd5 25. f3 b5 26. Kd2 a5 27. c3 Rb8
28. Kc2 b4 29. axb4 axb4 30. cxb4 Rxb4 31. Rh3 Ra4 32. Kb2 Rb4+ 33. Kc2 Ra4 34.
Kb2 Rb4+ 35. Kc2 1/2-1/2

[Event "5. HSK Weihnachts-Open 2019"]
[Site "Hamburg"]
[Date "2019.12.29"]
[Round "6.8"]
[White "Günther, Patrick"]
[Black "Keyser, Philipp"]
[Result "1-0"]
[WhiteElo "2063"]
[BlackElo "1980"]
[PlyCount "71"]
[EventDate "2019.12.27"]

1. e4 c5 2. Nf3 d6 3. d4 cxd4 4. Nxd4 Nf6 5. Nc3 a6 6. Be3 e5 7. Nb3 Be6 8. f3
b5 9. Qd2 Nbd7 10. g4 h6 11. O-O-O Be7 12. Kb1 b4 13. Nd5 Bxd5 14. exd5 Nb6 15.
h4 Nfxd5 16. Na5 Nxe3 17. Qxe3 Qc7 18. Be2 Rc8 19. Qd2 d5 20. Bxa6 Ra8 21. Bb5+
Kf8 22. Nc6 f6 23. Qd3 Kf7 24. Rhe1 Rhc8 25. g5 Qd6 26. Nxe7 Qxe7 27. gxh6 Qa7
28. Qb3 gxh6 29. Rg1 Rc5 30. Bd3 Ra5 31. Qxb4 Rxa2 32. c3 Nc4 33. Bxc4 Ra1+ 34.
Kc2 Qf2+ 35. Kb3 R8a3+ 36. bxa3 1-0

[Event "5. HSK Weihnachts-Open 2019"]
[Site "Hamburg"]
[Date "2019.12.29"]
[Round "6.9"]
[White "Reddmann, Hauke"]
[Black "Jablonowski, Christoph"]
[Result "1-0"]
[WhiteElo "2235"]
[BlackElo "1969"]
[PlyCount "81"]
[EventDate "2019.12.27"]

1. d4 Nf6 2. Bg5 c5 3. Bxf6 gxf6 4. d5 Qb6 5. Qc1 f5 6. c3 Bg7 7. g3 d6 8. Nd2
Nd7 9. Bg2 Nf6 10. Nc4 Qc7 11. Qc2 O-O 12. Rd1 Bd7 13. Nh3 Rad8 14. O-O Bc8 15.
Ne3 e6 16. c4 Qe7 17. Rd3 Ng4 18. Nd1 a6 19. Rb3 Rd7 20. Nf4 Rc7 21. h3 Nf6 22.
Ne3 Bh6 23. Kh2 e5 24. Nd3 Nh5 25. Ne1 Qf6 26. Nf3 Bxe3 27. Rxe3 f4 28. Rb3
fxg3+ 29. fxg3 Qg6 30. Qxg6+ hxg6 31. Rb6 Rd8 32. Ng5 Kg7 33. Ne4 Rcd7 34. Bf3
f5 35. Bxh5 fxe4 36. Bg4 Rf7 37. Rxf7+ Kxf7 38. Bxc8 Rxc8 39. Kg2 Rc7 40. Rxd6
Re7 41. Kf2 1-0

[Event "5. HSK Weihnachts-Open 2019"]
[Site "Hamburg"]
[Date "2019.12.29"]
[Round "6.10"]
[White "Mix, Clemens"]
[Black "Schroeder, Christoph"]
[Result "1/2-1/2"]
[WhiteElo "1931"]
[BlackElo "2159"]
[PlyCount "43"]
[EventDate "2019.12.27"]

1. d4 e6 2. c4 d5 3. Nf3 c6 4. Nc3 dxc4 5. a4 Bb4 6. e3 b5 7. Bd2 a5 8. axb5
Bxc3 9. Bxc3 cxb5 10. b3 Bb7 11. bxc4 b4 12. Bb2 Nf6 13. Bd3 O-O 14. O-O Nbd7
15. Nd2 Qc7 16. Qc2 a4 17. e4 a3 18. e5 axb2 19. Rxa8 Bxa8 20. exf6 Nxf6 21.
Qxb2 Qb8 22. Re1 1/2-1/2

[Event "5. HSK Weihnachts-Open 2019"]
[Site "Hamburg"]
[Date "2019.12.29"]
[Round "6.11"]
[White "Popvasilev, Kaloyan"]
[Black "Nyenhuis, Yannek"]
[Result "1-0"]
[WhiteElo "2133"]
[BlackElo "1951"]
[PlyCount "85"]
[EventDate "2019.12.27"]

1. e4 c5 2. Nf3 Nc6 3. d4 cxd4 4. Nxd4 Nf6 5. Nc3 e5 6. Ndb5 d6 7. Bg5 a6 8.
Na3 b5 9. Nd5 Be7 10. Bxf6 Bxf6 11. c3 Ne7 12. Nc2 Nxd5 13. Qxd5 Rb8 14. Rd1
Be7 15. Nb4 Bb7 16. Qd3 O-O 17. Be2 a5 18. Nc2 Bc8 19. Ne3 Be6 20. Nd5 Bxd5 21.
Qxd5 b4 22. cxb4 Rxb4 23. b3 Qa8 24. Bc4 Qxd5 25. Rxd5 a4 26. Ra5 axb3 27. axb3
Rfb8 28. Ke2 g6 29. Ra7 Kf8 30. h4 f5 31. h5 R8b7 32. Ra8+ Kg7 33. Rg8+ Kf6 34.
hxg6 hxg6 35. Rh6 Rxc4 36. Rhxg6+ Kf7 37. bxc4 Rb2+ 38. Kf3 fxe4+ 39. Kxe4 Rxf2
40. R8g7+ Kf8 41. Kd5 Bf6 42. Rb7 Be7 43. Ke6 1-0

[Event "5. HSK Weihnachts-Open 2019"]
[Site "Hamburg"]
[Date "2019.12.29"]
[Round "6.12"]
[White "Schwarzkopf, Jörg"]
[Black "Falke, Isaak"]
[Result "0-1"]
[WhiteElo "1874"]
[BlackElo "2107"]
[PlyCount "84"]
[EventDate "2019.12.27"]

1. e4 e5 2. Nf3 Nc6 3. Bb5 a6 4. Bxc6 dxc6 5. O-O Bg4 6. h3 Bxf3 7. Qxf3 Bd6 8.
d3 Ne7 9. Nd2 h5 10. Nb3 Qd7 11. d4 f6 12. dxe5 fxe5 13. Bg5 O-O-O 14. Rad1
Rdf8 15. Qd3 Ng6 16. Nc5 Qf7 17. Qc3 Nf4 18. Bxf4 exf4 19. e5 Bxc5 20. Qxc5 Kb8
21. b3 Qe6 22. f3 g5 23. Rfe1 g4 24. Qc4 Qg6 25. Qe4 Qg5 26. fxg4 hxg4 27. hxg4
f3 28. gxf3 Qh4 29. Qe2 Qh1+ 30. Kf2 Rh2+ 31. Ke3 Rxe2+ 32. Kxe2 Qg2+ 33. Kd3
Qxf3+ 34. Kd2 Rd8+ 35. Kc1 Rxd1+ 36. Rxd1 Qe3+ 37. Kb1 Qxe5 38. Rg1 Qe3 39. Rg2
Qf3 40. Rg1 Qf2 41. Rd1 Ka7 42. g5 Qg3 0-1

[Event "5. HSK Weihnachts-Open 2019"]
[Site "Hamburg"]
[Date "2019.12.29"]
[Round "6.13"]
[White "Keyser, Robin"]
[Black "Atri, Jamshid"]
[Result "1-0"]
[WhiteElo "2022"]
[BlackElo "1917"]
[PlyCount "117"]
[EventDate "2019.12.27"]

1. d4 Nf6 2. c4 e6 3. g3 d5 4. Nf3 Nbd7 5. Bg2 dxc4 6. O-O Rb8 7. Qa4 a6 8.
Qxc4 b5 9. Qc2 Bb7 10. Bg5 c5 11. Rd1 Qb6 12. Nc3 Rc8 13. Qd2 h6 14. Be3 b4 15.
Na4 Qb5 16. Nxc5 Nxc5 17. dxc5 Ne4 18. Qd4 Bxc5 19. Qxg7 Bxe3 20. fxe3 Rg8 21.
Nd4 Qg5 22. Qxg5 hxg5 23. Rac1 Ke7 24. Nb3 f5 25. Rxc8 Rxc8 26. Rc1 Rxc1+ 27.
Nxc1 g4 28. Nd3 a5 29. Bxe4 Bxe4 30. Kf2 Kd6 31. Ke1 Kc6 32. Kd2 Bd5 33. Kc2
Kb5 34. b3 Be4 35. Kb2 Kc6 36. Ne5+ Kc5 37. Nd3+ Kd6 38. a3 bxa3+ 39. Kxa3 Bc6
40. Kb2 Kd5 41. Kc3 Bb5 42. Nf4+ Ke5 43. Kd2 Bc6 44. Nd3+ Kd5 45. Nf2 Ke5 46.
Nd3+ Kd6 47. Nb2 Bb5 48. Nd1 Kc5 49. Nc3 Bc6 50. Kc2 Kb4 51. Kb2 Bb7 52. Na2+
Kc5 53. Ka3 Bc6 54. Nc3 e5 55. Kb2 Bb7 56. Na4+ Kb4 57. Nb6 Bf3 58. exf3 gxf3
59. Nc4 1-0

[Event "5. HSK Weihnachts-Open 2019"]
[Site "Hamburg"]
[Date "2019.12.29"]
[Round "6.15"]
[White "Schmid, Janusch"]
[Black "Kurth, Michael"]
[Result "1/2-1/2"]
[WhiteElo "1845"]
[BlackElo "1971"]
[PlyCount "57"]
[EventDate "2019.12.27"]

1. c4 e5 2. Nc3 Nf6 3. d3 Nc6 4. g3 d5 5. cxd5 Nxd5 6. Bg2 Nxc3 7. bxc3 Be6 8.
Qa4 Bd7 9. Qb3 Rb8 10. Nf3 Be7 11. O-O O-O 12. Bb2 Be6 13. Qc2 Qd7 14. Nd2 Bh3
15. f4 Rbd8 16. fxe5 Nxe5 17. d4 Bxg2 18. Kxg2 Ng4 19. Rf3 Qc6 20. Qe4 Qxe4 21.
Nxe4 f5 22. Nd2 Bg5 23. Nf1 Rde8 24. Re1 Ne3+ 25. Nxe3 Bxe3 26. Kf1 g5 27. Bc1
f4 28. Bxe3 fxe3 29. g4 1/2-1/2

[Event "5. HSK Weihnachts-Open 2019"]
[Site "Hamburg"]
[Date "2019.12.29"]
[Round "6.17"]
[White "Renger, Maik"]
[Black "Chmielewski, Axel"]
[Result "1/2-1/2"]
[WhiteElo "1959"]
[BlackElo "1790"]
[PlyCount "93"]
[EventDate "2019.12.27"]

1. d4 d5 2. c4 e6 3. Nf3 Nf6 4. Nc3 Be7 5. Bg5 Nbd7 6. e3 O-O 7. Rc1 b6 8. Bd3
dxc4 9. Bxc4 Bb7 10. O-O c5 11. Qe2 Ne4 12. Nxe4 Bxe4 13. Bxe7 Qxe7 14. Rfd1
Rac8 15. Ba6 Rc7 16. b4 Nb8 17. bxc5 bxc5 18. Bd3 Bxd3 19. Qxd3 cxd4 20. Rxc7
Qxc7 21. Qxd4 h6 22. h3 Qb7 23. Ne5 Rc8 24. h4 Nc6 25. Nxc6 Rxc6 26. h5 Rc7 27.
Qd8+ Kh7 28. Qd3+ Kg8 29. a4 Qc8 30. Qb5 Rc5 31. Qe2 Rc1 32. Qd2 Rxd1+ 33. Qxd1
Kf8 34. a5 f6 35. Qd6+ Ke8 36. a6 Qd7 37. Qb8+ Ke7 38. Qb7 Kd8 39. Qb8+ Ke7 40.
Qb4+ Kd8 41. Qb8+ Ke7 42. Qb4+ Kd8 43. g4 Qd1+ 44. Kg2 Qd5+ 45. e4 Qd7 46. Qb8+
Ke7 47. Qb4+ 1/2-1/2

[Event "5. HSK Weihnachts-Open 2019"]
[Site "Hamburg"]
[Date "2019.12.29"]
[Round "6.18"]
[White "Bauer, Marcus"]
[Black "Sonntag, Sven"]
[Result "0-1"]
[WhiteElo "1682"]
[BlackElo "1954"]
[PlyCount "94"]
[EventDate "2019.12.27"]

1. d4 d6 2. Bf4 Nf6 3. e3 g6 4. Be2 Bg7 5. Nf3 Nbd7 6. c3 c5 7. O-O a6 8. a4
Nh5 9. Bg3 Nxg3 10. hxg3 O-O 11. a5 b5 12. axb6 Qxb6 13. Qc2 Bb7 14. Nbd2 d5
15. Qb3 Qc7 16. c4 e6 17. Rfc1 Rfb8 18. Qc2 cxd4 19. Nxd4 Rc8 20. Rab1 Qd8 21.
Qa4 Nc5 22. Qd1 e5 23. N4b3 Ne6 24. cxd5 Bxd5 25. Bf3 Bxf3 26. Nxf3 Rxc1 27.
Rxc1 Qb6 28. Qd5 Rd8 29. Rc6 Rxd5 30. Rxb6 Rb5 31. Rxb5 axb5 32. Kf1 f5 33. Ke2
Kf7 34. Kd2 Kf6 35. Kc3 Bf8 36. Kc2 h5 37. Ng1 g5 38. Kd3 g4 39. Ne2 Kg5 40.
Nc3 Nc7 41. e4 f4 42. gxf4+ exf4 43. Nd5 Ne6 44. Nd4 Nxd4 45. Kxd4 h4 46. g3
fxg3 47. fxg3 h3 0-1

[Event "5. HSK Weihnachts-Open 2019"]
[Site "Hamburg"]
[Date "2019.12.29"]
[Round "6.19"]
[White "Grunert, Friedrich"]
[Black "Lohkamp, Rolf"]
[Result "1-0"]
[WhiteElo "1930"]
[BlackElo "1452"]
[PlyCount "45"]
[EventDate "2019.12.27"]

1. d4 Nf6 2. c4 d6 3. Nc3 Bf5 4. f3 d5 5. cxd5 c6 6. dxc6 Nxc6 7. e4 Bg6 8. d5
Ne5 9. Bb5+ Ned7 10. e5 a6 11. Bxd7+ Nxd7 12. f4 Nb6 13. a4 Nxd5 14. Qxd5 Qc7
15. Be3 e6 16. Qb3 Bc5 17. Qc4 O-O 18. Qxc5 Qxc5 19. Bxc5 Rfc8 20. Bd6 b5 21.
Nf3 Bd3 22. axb5 axb5 23. Kd2 1-0

[Event "5. HSK Weihnachts-Open 2019"]
[Site "Hamburg"]
[Date "2019.12.29"]
[Round "6.20"]
[White "Von Rosen, Jakob"]
[Black "Egelriede, Nikolas"]
[Result "1/2-1/2"]
[WhiteElo "1665"]
[BlackElo "1865"]
[PlyCount "190"]
[EventDate "2019.12.27"]

1. e4 d5 2. exd5 Qxd5 3. Nc3 Qd6 4. Nf3 Nf6 5. Bc4 a6 6. a3 b5 7. Ba2 Bb7 8.
O-O e6 9. Re1 Be7 10. d4 O-O 11. Ne5 Nd5 12. Ne4 Qd8 13. b3 Nd7 14. c4 N5f6 15.
Nc3 b4 16. axb4 Bxb4 17. Bd2 c5 18. Na4 Bxd2 19. Qxd2 Nxe5 20. Nxc5 Nf3+ 21.
gxf3 Bxf3 22. Re3 Bc6 23. b4 Qd6 24. Rd1 Qf4 25. Rg3 Qxd2 26. Rxd2 Rfd8 27.
Rgd3 Ne4 28. Nxe4 Bxe4 29. Re3 Bc6 30. d5 exd5 31. cxd5 Bb5 32. d6 Rd7 33. Re7
Kf8 34. Re5 Rad8 35. Red5 Re8 36. f4 Re1+ 37. Kf2 Rf1+ 38. Ke3 Re1+ 39. Kf2
Rf1+ 40. Kg3 Rg1+ 41. Kh4 Rg6 42. f5 Rf6 43. Kg4 g6 44. Kg5 Kg7 45. Bb1 h6+ 46.
Kf4 Bc6 47. R5d4 Rd8 48. d7 Bb5 49. Be4 g5+ 50. Ke3 Kf8 51. Rd6 Rxd6 52. Rxd6
Rxd7 53. Rxh6 Kg7 54. Rb6 f6 55. Bb7 Rd3+ 56. Ke4 Rb3 57. Bxa6 Bxa6 58. Rxa6
Rxb4+ 59. Ke3 Rf4 60. Ra5 Kh6 61. Rb5 Kh5 62. Rd5 Kg4 63. Rd2 Kxf5 64. Rg2 Ra4
65. Rf2+ Ke5 66. Rb2 Rh4 67. Kf3 Rd4 68. Rb5+ Rd5 69. Rb2 Kf5 70. Kg3 Rd3+ 71.
Kf2 Ke4 72. Kg2 f5 73. Rb4+ Rd4 74. Rb8 Rd2+ 75. Kg3 Rd3+ 76. Kg2 f4 77. Re8+
Kf5 78. h3 Rd6 79. Rf8+ Kg6 80. Rg8+ Kf5 81. Rf8+ Rf6 82. Ra8 Re6 83. Rf8+ Ke4
84. Ra8 Rd6 85. Re8+ Kd4 86. Kf3 Rd5 87. Kg4 Re5 88. Rd8+ Ke4 89. Ra8 Rd5 90.
Re8+ Kd4 91. Ra8 Ke3 92. Re8+ Kf2 93. Ra8 Ke3 94. Re8+ Kf2 95. Ra8 Ke3 1/2-1/2

[Event "5. HSK Weihnachts-Open 2019"]
[Site "Hamburg"]
[Date "2019.12.29"]
[Round "6.21"]
[White "Zierott, Jan"]
[Black "Neumann, Oskar"]
[Result "0-1"]
[WhiteElo "1803"]
[BlackElo "1682"]
[PlyCount "80"]
[EventDate "2019.12.27"]

1. d4 d5 2. Bf4 Nf6 3. e3 Bf5 4. Bd3 Bg6 5. Nf3 e6 6. Ne5 Nbd7 7. Nxg6 hxg6 8.
h3 c5 9. c3 Nh5 10. Bh2 Qg5 11. Qg4 Qxg4 12. hxg4 Nhf6 13. Be2 Bd6 14. g3 Ke7
15. Nd2 Rh7 16. Kf1 Rah8 17. Kg2 cxd4 18. cxd4 Rc8 19. Rac1 Rhh8 20. a3 Nb6 21.
g5 Ne4 22. Nxe4 dxe4 23. f3 exf3+ 24. Bxf3 Nc4 25. Bg1 Rxh1 26. Kxh1 Rc7 27.
Bf2 Kd7 28. Rc2 Be7 29. Be2 Nd6 30. Rxc7+ Kxc7 31. Bd3 Bxg5 32. g4 f5 33. Kg2
fxg4 34. Bxg6 Nc4 35. Bg3+ Kd7 36. Bb8 Bxe3 37. Bxa7 Nxb2 38. Kg3 Nc4 39. Kxg4
Nxa3 40. Kf3 Nb5 0-1

[Event "5. HSK Weihnachts-Open 2019"]
[Site "Hamburg"]
[Date "2019.12.29"]
[Round "6.23"]
[White "Mi, Gufeng"]
[Black "Wulf, Constanze"]
[Result "0-1"]
[WhiteElo "1541"]
[BlackElo "1792"]
[PlyCount "76"]
[EventDate "2019.12.27"]

1. d4 d5 2. Nf3 c6 3. Bf4 Bf5 4. e3 Nf6 5. h3 e6 6. Bd3 Bxd3 7. Qxd3 Bd6 8. O-O
O-O 9. Nbd2 Re8 10. Ne5 c5 11. c3 Nc6 12. Ndf3 c4 13. Qc2 Qc7 14. Nxc6 Qxc6 15.
Ne5 Qc7 16. f3 Rad8 17. Qf2 b5 18. a3 a5 19. Qh4 Nd7 20. Qg3 Nxe5 21. dxe5 Bf8
22. Bg5 Ra8 23. f4 b4 24. axb4 axb4 25. h4 Kh8 26. h5 h6 27. Bh4 b3 28. Qe1 Ra2
29. Qb1 Rea8 30. Rxa2 bxa2 31. Qa1 Bc5 32. Bf2 Qb6 33. Re1 Kg8 34. Kf1 Qb3 35.
Re2 Rb8 36. g4 Ba3 37. bxa3 Qb1+ 38. Re1 Qxa1 0-1

[Event "5. HSK Weihnachts-Open 2019"]
[Site "Hamburg"]
[Date "2019.12.29"]
[Round "6.24"]
[White "Floren, Dieter"]
[Black "Kaußmann, Jean-David"]
[Result "1-0"]
[WhiteElo "1703"]
[BlackElo "1593"]
[PlyCount "57"]
[EventDate "2019.12.27"]

1. e4 d5 2. exd5 Qxd5 3. Nc3 Qa5 4. Bc4 c6 5. Qe2 Nf6 6. h3 Bf5 7. d3 e6 8. Bd2
Be7 9. Nf3 Qc7 10. g4 Bg6 11. Nd4 O-O 12. h4 h5 13. g5 Nd5 14. O-O-O Rd8 15.
Nf3 Nd7 16. Bxd5 cxd5 17. Kb1 Nb6 18. Ne5 Bf5 19. Rde1 a6 20. g6 fxg6 21. Nxg6
Bf6 22. Qxh5 Bxg6 23. Qxg6 Rac8 24. Rc1 Qc5 25. f4 Qb4 26. a3 Qa5 27. Ne4 Qb5
28. Nxf6+ Kf8 29. Bb4+ 1-0

[Event "5. HSK Weihnachts-Open 2019"]
[Site "Hamburg"]
[Date "2019.12.29"]
[Round "6.25"]
[White "Bloh, Fabian"]
[Black "Raedisch, Peter"]
[Result "0-1"]
[WhiteElo "1695"]
[BlackElo "1572"]
[PlyCount "142"]
[EventDate "2019.12.27"]

1. d4 d5 2. Bf4 a6 3. Nf3 Nc6 4. e3 e6 5. c3 Be7 6. Bd3 Nf6 7. h3 h6 8. Nbd2
Nh7 9. Qc2 Ng5 10. Ne5 O-O 11. h4 Nxe5 12. dxe5 Ne4 13. Bxe4 dxe4 14. Nxe4 Bxh4
15. Rd1 Qe7 16. g3 f5 17. gxh4 fxe4 18. Qxe4 Qf7 19. Rg1 Kh8 20. b3 Rb8 21. Qc4
b5 22. Qe2 Bb7 23. Qg4 Be4 24. Qg3 Rbd8 25. Ke2 Qh5+ 26. f3 g5 27. hxg5 Rxd1
28. Kxd1 Bxf3+ 29. Kc1 Rg8 30. g6 Be4 31. g7+ Kh7 32. Qg4 Qxg4 33. Rxg4 Rxg7
34. Rh4 Rg1+ 35. Kb2 Rh1 36. Rg4 Bf5 37. Rg2 h5 38. Ka3 c5 39. b4 c4 40. Kb2
Rb1+ 41. Ka3 Bg4 42. Rd2 Rd1 43. Rh2 Kg6 44. Kb2 Kf5 45. Kc2 Ke4 46. Rg2 Ra1
47. Kb2 Re1 48. Ka3 Re2 49. Rxe2 Bxe2 50. Kb2 h4 51. Kc2 h3 52. Kd2 Kf3 53. Bh2
Bf1 54. Ke1 Kg2 55. Bf4 Bd3 56. e4 Bxe4 57. a3 h2 58. Bxh2 Kxh2 59. Kf2 Kh3 60.
Ke3 Bd5 61. Kd4 Kg4 62. Kc5 Kf3 63. Kb6 Ke3 64. Kxa6 Bc6 65. Kb6 Be8 66. Kc5
Kd3 67. Kd6 Kxc3 68. Kxe6 Kd4 69. Kd6 c3 70. e6 c2 71. Ke7 Bh5 0-1